Wiltshire Train Stations - Statistics

General Stats
  • This quiz has been taken 61 times
  • The average score is 9 of 14
Answer Stats
Main Operator Station % Correct
South Western Railway Salisbury
94%
Great Western Railway Swindon
88%
Great Western Railway Trowbridge
83%
Great Western Railway Westbury
83%
Great Western Railway Chippenham
77%
Great Western Railway Warminster
73%
Great Western Railway Bradford-on-Avon
65%
Great Western Railway Melksham
65%
Great Western Railway Pewsey
60%
Great Western Railway Dilton Marsh
48%
Great Western Railway Avoncliff
40%
Great Western Railway Bedwyn
38%
South Western Railway Dean
38%
South Western Railway Tisbury
33%
No matching quizzes found
Score Distribution
Percent of People with Each Score
Percentile by Number Answered
Your Score History
You have not taken this quiz